La sociedad de la información y el Estado del bienestar: el modelo finlandés
Salvato in:
| Autori principali: | , |
|---|---|
| Natura: | Libro |
| Lingua: | spagnolo |
| Pubblicazione: |
Madrid
Alianza
2002
|
| Edizione: | 1a. ed |
| Serie: | La Sociedad Red
|
| Soggetti: | |
| Tags: |
Aggiungi Tag
Nessun Tag, puoi essere il primo ad aggiungerne!!
|
MARC
| LEADER | 00000cam a2200000 a 4500 | ||
|---|---|---|---|
| 001 | UCC5864 | ||
| 003 | CL-VaPUC | ||
| 008 | 181031e20020000sp |||||||||||||||||spa|d | ||
| 020 | |a 8420691038 | ||
| 082 | 0 | 4 | |a 303.4839094897 |b CAS |2 21 |
| 100 | |a Castells, Manuel |e autor |9 489680 | ||
| 700 | 0 | |a Himanen, Pekka |e author |9 600281 | |
| 245 | 1 | 3 | |a La sociedad de la información y el Estado del bienestar: el modelo finlandés |
| 250 | |a 1a. ed | ||
| 300 | |a 215 p | ||
| 942 | |c BK | ||
| 945 | |d 20181031 17:21:00 |a dcastane | ||
| 260 | |a Madrid |b Alianza |c 2002 | ||
| 650 | 0 | |a Sociedad de la información |9 417579 | |
| 650 | 7 | |a SOCIOLOGIA DE LA INFORMACION |2 CL-VaPUC |9 534024 | |
| 650 | 0 | |a Tecnología de la información |9 254825 | |
| 651 | 7 | |a FINLANDIA |2 CL-VaPUC |9 268919 | |
| 583 | |a last modification |c 20181031 17:21:00 |k Rodrigo Vera | ||
| 490 | 0 | |a La Sociedad Red | |
| 999 | |c 372973 |d 372971 | ||
| 952 | |0 0 |1 0 |3 erb |4 0 |6 303_483909489700000_CAS_2002 |7 0 |8 A |9 490865 |a BIBCUR |b BIBCUR |i 5511488 |o 303.4839094897 CAS 2002 |p 5511488 |r 2025-04-22 |w 2019-11-24 |y BK |z Catalogado en:20181031 |k PER | ||